000 00926nam a22003137a 4500
003 CHAP
005 20220329140455.0
008 971013s1972 r 00010 d
010 _a52490
011 _a53462
035 _a57612
040 _cCHAP
082 _a631.7
_bF47
100 0 0 _aFerrero, José H.
_940413
245 _aTecnología de riegos, drenajes y saneamiento
260 _aMadrid :
_bAlhambra,
_c1972
300 _a201 p.
_b: ilus. ; gráfs.
490 _aZairos
_v; 7
590 _aBATCH-UPD
_b10
_c20130110
_lUCH01
_h0719
590 _aBATCH-UPD
_b10
_c20130410
_lUCH01
_h0403
590 _aBATCH-UPD
_b10
_c20130914
_lUCH01
_h1221
590 _aCONVERSION
_b10
_c20130109
_lUCH01
_h1328
650 1 4 _aDrenaje.
_934190
650 1 4 _aIrrigación.
_960366
830 0 _aZairos
_v; 7
_9123443
901 _aBK
942 _cLIBRO
949 _a631.7 F47
_bBC
_cLIBRO
_d33724000166476
_eLIBRO
_h44903
_i57612
_si
_t208.00
999 _c52490
_d52490